000 00716nam a22001937a 4500
999 _c175704
_d175704
005 20200921125220.0
010 _aUR-10868
020 _c150.00
_a9789390100668
035 _aU-9423
037 _bDBAD/PUB
082 _a841
100 _aا بو ا لخير فطر ت عند ليمی
245 _aنا لہ و نے(شعر ی مجمو عہ )
_cا بو ا لخير فطر ت عند ليمی
246 _bNaala-o-Nai (Urdu)
_aby Abul Khair"Fitrat"Andalibi
260 _aN.Delhi
_bEducational Publishing House
_c2020 ء
270 _aH.O.D1/16,Ansari Road,Darya ganj,
_bN.Delhi
_e110002
_k45678285,23216162
_l0091-11-23211540
300 _a96ص
_c22 Cm(Hb)
942 _2ddc
_cUR
_h841
_mف ط ر